dokończ wers (polski free) - Statystyki

Ogólne statystyki
  • Ten quiz został rozwiązany 135 razy
  • Średni wynik to 7 z 12
Statystyki odpowiedzi
Hint Odpowiedź % Poprawnych
mówiłeś pytanie do publiczności człowiek, kto dzisiaj wygrywa wbw? bober
97%
na maturze z fizyki obliczał masę skilli
79%
trtrtrtrtrtrt, nieźle nieźle, co nie starczyło mefedronu na trzecie wejście
75%
2k14 sztos edzio pozdro jesteś najlepszy
63%
jego panna to herbata bo ukradli jej torebkę
61%
jestem z tych co nawijać lubią, jedna szmata a teraz złapcie drugą
58%
jak ty powstałeś zj***e? chyba matka ziemia zaliczyła glebę
58%
wchodzę luźno człowieku, ja ściągnąłem koszulkę on punche z internetu
52%
halo jest tam bober skilsy i patenty, dobre wersy jesteś pier******ty abonent czasowo niedostępny
50%
to mój ostatni finał miałem się nie spinać, ale jak wleci temat rodzina skończę to jak zizu zidan
40%
coś pie****i ten osiłek? twój najlepszy numer nagrał tymek
32%
wydymany przez klauna wspomnienia z dzieciństwa
24%
Nie znaleziono quizów pasujących do podanych kryteriów
Rozkład punktacji
Procent ludzi z każdym wynikiem
Percentyl według liczby udzielonych odpowiedzi
Twoja historia wyników
Nie rozwiązałeś tego quizu